000 00549nam a2200193Ia 4500
003 OSt
005 20250113093721.0
008 210210b1973 xxu||||| |||| 00| 0 eng d
040 _cAL
041 _aKannada
082 _aK894.3 SATD
100 _aSATYAMURTI (B G).
_dಸತ್ಯಮೂರ್ತಿ (ಬಿ ಜಿ)
_9193150
245 _aDevarillada gudi.
_bದೇವರಿಲ್ಲದ ಗುಡಿ.
260 _aBengaluru
_bMayura Prakashana
_c1973
300 _a231
690 _aKannada Fiction
_9193151
906 _a030467
942 _2ddc
_cBK
999 _c81634
_d81634